| 000 | 00716cam a22002053a 4500 | ||
|---|---|---|---|
| 001 | 40287 | ||
| 003 | PGUSA | ||
| 005 | 20140828083912.0 | ||
| 008 | 120720s2012||||xxu|||||s|||||000 | eng d | ||
| 040 |
_aPGUSA _beng |
||
| 042 | _adc | ||
| 100 | 1 | _aLaidlaw, George Frederick | |
| 245 | 1 | 4 |
_aThe Treatment of Hay Fever : _bBy rosin-weed, echthyol and faradic electricity, with a discussion of the old theory of gout and the new theory of anaphylaxis _h[electronic resource] / _cGeorge Frederick Laidlaw |
| 260 |
_bProject Gutenberg, _c2012 |
||
| 506 | _aPublic domain in the USA. | ||
| 516 | _aElectronic text | ||
| 830 | 0 |
_aProject Gutenberg _v40287 |
|
| 856 | 4 | 0 | _uhttp://www.gutenberg.org/ebooks/40287 |
| 942 | _cEB | ||
| 999 |
_c269540 _d269540 |
||